00463 2200193 4500001002100000005001500021035002000036245003900056100001900095250000600114856004500120260003600165082000800201084001400209600001000223990001200233990001200245990001200257INLIS00000000000173920250505112056 a0010-05250000311 aSaudagar Venezia /cK.ST. Pamoncak0 aK.ST. Pamoncak a1 aRuang Baca Umum No Klas 800 ( Rak 3,4,5) aJakarta :bBalai Pustaka,c2000 a813 a813 K.S s 4aFiksi a00.0151 a00.0152 a00.0153